'H' Entertainment Images II Quiz Stats

 Plays Quiz Updated Apr 20, 2018

Score 0/25 Timer 04:00
6 Plays Today
% Correct
Homer Simpson (The Simpsons)
96.6%
Home Alone
96.1%
Halle Berry
88.6%
Happy Gilmore
82.3%
Honey, I Shrunk the Kids
81.8%
(Jimi) Hendrix
80.9%
Hairspray
80.7%
(Whitney) Houston
73.1%
Helen Mirren
71.9%
(George) Harrison
66.2%
Harold & Kumar Go to White Castle
65%
Hilary Swank
64.9%
How to Lose a Guy in 10 Days
57.6%
% Correct
Haley Dunphy (Modern Family)
51.5%
(Faith) Hill
49.4%
Hamilton
41.4%
Hugo 'Hurley' Reyes (Lost)
39.5%
Holly Hunter
36.7%
Hank Schrader (Breaking Bad)
36.2%
(Billie) Holiday
34.1%
Hannah Horvath (Girls)
30.9%
Hattie McDaniel
27.4%
Hello, Dolly!
22.7%
How to Succeed in Business Without Really Trying
17%
Hedwig and the Angry Inch
16.5%

You're not logged in!

Compare scores with friends on all Sporcle quizzes.
OR
Log In

You Might Also Like...

Show Comments

Extras

Top Quizzes Today


Score Distribution

Your Account Isn't Verified!

In order to create a playlist on Sporcle, you need to verify the email address you used during registration. Go to your Sporcle Settings to finish the process.

Report this User

Report this user for behavior that violates our Community Guidelines.

Details: